000 01653nam0a2200325 4500
001 RU\NLR\bibl\487124
005 20260406094412.0
010 _a5-7339-0383-х
_9200
021 _aRU
_b2003-70443
_93485
035 _a(NLR Aleph) 000479823
090 _a1046572
_c1046572
100 _a20040205d2003 u y0rusy50 ca
101 0 _arus
102 _aRU
105 _aa |||||||||
200 1 _aГеоинформационные системы
_eУчеб. пособие
_e[Для студентов спец. 220200]
_fА.В. Панов
_gМ-во образования Рос. Федерации, Моск. гос. ин-т радиотехники, электроники и автоматики (техн. ун-т)
210 _aМ.
_cМоск. гос. ин-т радиотехники, электроники и автоматики (техн. ун-т)
_d2003
215 _a75 с.
_cил.
_d20
320 _aБиблиогр.: с. 63-64 (14 назв.)
606 0 _aГеоинформационные системы
_jРуководства, пособия и т.п.
_9909484
_3RU\NLR\auth\66331831
606 0 _aГеоинформационные системы
_jУчебные издания для высших учебных заведений
_9909484
_3RU\NLR\auth\66331831
686 _aД8ф1я73
686 _aД17с51я73
700 1 _4070
_7ca
_8rus
_aПанов
_bА. В.
_cканд. техн. наук
_gАлександр Владимирович
_3RU\NLR\AUTH\770286749
_92686323
801 0 _aRU
_bNLR
_c20040205
_gPSBO
801 1 _aRU
_bNLR
_c20040205
830 _aАвт. по кн.
942 _cBOOK
980 _aNB